000 01128nam a22002057a 4500
003 JO-AjAnu
005 20240921100147.0
008 240918b jo ||||| |||| 00| 0 ara d
040 _aJO-AjAnu
_bara
_cJO-AjAnu
_erda
041 _aara
_hara
050 _aT55
_b2024
100 1 _aالطرابشة، زياد عارف
_eمعد
_966225
245 0 _aاثر الانتاج الاخضر بتعزيز السلامة المهنية للعاملين في مصانع الالبسة الاردنية = The Impact of Green Production in Enhancing Occupational Safety for Employees' at Jordanian Garments Factories/
_cاعداد إلهام زياد عارف الطرابشة ؛ اشراف نضال فواز حسين القضاة
260 _c2024
300 _a90 ورقة
504 _aرسالة جامعية(ماجستير في ادارة الاعمال)-(جامعة عجلون الوطنية) عجلون، الاردن، كلية الاعمال،2024.
650 7 0 _aالسلامة المهنية - الامن الصناعي
_966227
700 1 _aالقضاة، نضال فواز حسين
_964939
_eمشرف
942 _2lcc
_cTHS
_n0
999 _c33694
_d33694